BIBLIOTECA

SENCICO

Taller automotriz "Clinic Cars" / (Registro nro. 4569)

Detalles MARC
000 -LEADER
fixed length control field 01086nam a22002657a 4500
003 - CONTROL NUMBER IDENTIFIER
control field PE SENCICO BE
005 - DATE AND TIME OF LATEST TRANSACTION
control field 20251020182652.0
008 - FIXED-LENGTH DATA ELEMENTS--GENERAL INFORMATION
fixed length control field 240214b |||||||| |||| 00| 0 eng d
040 ## - CATALOGING SOURCE
Original cataloging agency PE SENCICO BE
Transcribing agency PE SENCICO BE
041 ## - LANGUAGE CODE
Language code of text/sound track or separate title spa
084 ## - OTHER CLASSIFICATION NUMBER
Classification number I
-- DIS
-- 2018
Item number H52
100 1# - MAIN ENTRY--PERSONAL NAME
9 (RLIN) 1957
Personal name Hijar Bracamonte, Ingrid Rocío
Relator term autor
245 1# - TITLE STATEMENT
Title Taller automotriz "Clinic Cars" /
Statement of responsibility, etc. Ingrid Rocío Hijar Bracamonte
260 ## - PUBLICATION, DISTRIBUTION, ETC.
Place of publication, distribution, etc. Lima :
Date of publication, distribution, etc. 2018
300 ## - PHYSICAL DESCRIPTION
Extent [70] h. :
Other physical details il. col., plans. ;
Dimensions 30 x 40 cm.
500 ## - GENERAL NOTE
General note El volumen 2 contiene planos.
502 ## - DISSERTATION NOTE
Dissertation note Monografía de Titulación.-- Servicio Nacional de Capacitación para la Industria de la Construcción. Escuela Superior Técnica. Carrera Profesional Técnica en Diseño de Interiores, 2018
650 10 - SUBJECT ADDED ENTRY--TOPICAL TERM
9 (RLIN) 44
Topical term or geographic name entry element Diseño de interiores
650 20 - SUBJECT ADDED ENTRY--TOPICAL TERM
9 (RLIN) 1959
Topical term or geographic name entry element Mantenimiento de automóviles
650 20 - SUBJECT ADDED ENTRY--TOPICAL TERM
9 (RLIN) 1958
Topical term or geographic name entry element Talleres mecánicos
650 20 - SUBJECT ADDED ENTRY--TOPICAL TERM
9 (RLIN) 615
Topical term or geographic name entry element Planos
710 1# - ADDED ENTRY--CORPORATE NAME
Corporate name or jurisdiction name as entry element Servicio Nacional de Capacitación para la Industria de la Construcción.
Subordinate unit Escuela Superior Técnica
9 (RLIN) 1065
910 ## - USER-OPTION DATA (OCLC)
-- hfp
-- hfp
942 ## - ADDED ENTRY ELEMENTS (KOHA)
Koha item type Monografía de Titulación
Source of classification or shelving scheme Dewey Decimal Classification
Existencias
Fecha de la última vez que lo usaron Número de ingreso o de inventario Pago total Signatura topográfica completa Código de barras Precio efectivo desde Tipo de documento Estado perdido Estado dañado No es para préstamo Retirado Ubicación permanente Ubicación actual Fecha de adquisición
14/02/2024 I-00436   I/DIS/2018/H52/v. 2 BibLima24020072 14/02/2024 Monografía de Titulación         Biblioteca Central Lima Biblioteca Central Lima 14/02/2024
05/03/2024 I-00542   I/DIS/2018/H52/v. 1 BibLima24030022 05/03/2024 Monografía de Titulación         Biblioteca Central Lima Biblioteca Central Lima 05/03/2024